| 000 | 00829cab a2200229 4500 | ||
|---|---|---|---|
| 001 | ABS56541 | ||
| 008 | 090401t1997 xxu||||| |||| 00| 0 eng d | ||
| 035 | _a(Sirsi) u24392 | ||
| 041 | 0 | _aeng | |
| 100 | 1 | _aHirst, C. | |
| 245 | 0 | 4 | _aThe triumphant tale of two cities |
| 260 | _c1997 | ||
| 350 | _a0 | ||
| 490 | 0 |
_aPlanning Week _v5(1) 9 January 1997, 10(1) |
|
| 520 | _aExplains how the Sports Council's funding of the National Stadium in Wembley and a smaller stadium in Manchester will aid the urban regeneration of both areas. | ||
| 520 | _aThis item is no longer held by the RICS Library but may be available on inter-library loan. Please ask library staff for details. | ||
| 651 | 4 | _aMANCHESTER | |
| 651 | 4 | _aWEMBLEY | |
| 690 | _aPROPERTY-PROPERTY MANAGEMENT-REGENERATION | ||
| 942 | _n0 | ||
| 948 | _c04/03/1997 | ||
| 999 |
_c16357 _d16357 |
||